Europe in Hungarian (clickable) Quiz Stats

 Plays Quiz not verified by Sporcle

Challenge
Share
Tweet
Score 0/21 Timer 06:00
0 Plays Today
% Correct
Dánia
98.3%
Finnország
97.9%
Norvégia
97.6%
Portugália
97.6%
Csehország
97.3%
Franciaország
97.3%
Litvánia
96.9%
Spanyolország
96.2%
Egyesült Királyság
95.9%
Lettország
94.2%
Svédország
93.5%
% Correct
Magyarország
91.8%
Svájc
89.4%
Horvátország
85.3%
Esztország
83.2%
Görögország
81.2%
Irország
80.5%
Oroszország
74.3%
Németország
72.3%
Fehéroroszország
64%
Olaszország
57.5%

You're not logged in!

Compare scores with friends on all Sporcle quizzes.
Join for Free
OR
Log In

You Might Also Like...

Show Comments

Extras

Top Quizzes Today


Score Distribution

Your Account Isn't Verified!

In order to create a playlist on Sporcle, you need to verify the email address you used during registration. Go to your Sporcle Settings to finish the process.

Report this User

Report this user for behavior that violates our Community Guidelines.

Details: